000 00691nam a2200229Ia 4500
001 1544
003 GE_BSU
008 181216s||||||||xx |||||||||||||| ||und||
020 _a97854690044
040 _cGE_BSU
080 _a327(075.8)
245 _aМировая политика и международные отношения
245 _bДля студ. высш.уч. завед.
245 _cПод ред.С.А.Ланцова В.А. Ачкасова
260 _aСПБ
260 _bПитер
260 _c2007
300 _a448стр.
541 _h15л.
653 _aМировая политика и международные отношения
942 _cBK
999 _c35671
_d35671